Die Sicherheit in der Elektrotechnik. Band 1 : Rechtliche Grundlagen /
Guardado en:
| Autores principales: | , |
|---|---|
| Formato: | Libro |
| Lenguaje: | alemán |
| Publicado: |
Konstanz :
Verlag Christiani,
1989
|
| Edición: | 1.Aufl. |
| Materias: | |
| Etiquetas: |
Sin Etiquetas, Sea el primero en etiquetar este registro!
|
MARC
| LEADER | 00000nam a22000003a 4500 | ||
|---|---|---|---|
| 001 | stu5201 | ||
| 005 | 20150617225811.1 | ||
| 008 | 940303s1989----gw------------------ger-d | ||
| 020 | |a 3-87125-502-5 | ||
| 040 | |a STU |b slo | ||
| 041 | 0 | |a ger | |
| 044 | |a gw | ||
| 080 | |a 621.3-78 | ||
| 080 | |a 349.2 | ||
| 100 | 1 | |a Simon, Jürgen |4 aut | |
| 245 | 1 | |a Die Sicherheit in der Elektrotechnik. Band 1 : |b Rechtliche Grundlagen / |c [aut.] Simon,Jürgen; Sobaczinski,Dieter | |
| 250 | |a 1.Aufl. | ||
| 260 | |a Konstanz : |b Verlag Christiani, |c 1989 | ||
| 300 | |a 302 s | ||
| 650 | 7 | |a bezpečnosť v elektrotechnike |2 stusub | |
| 650 | 7 | |a pracovné právo |2 stusub | |
| 700 | 1 | |a Sobaczinski, Dieter |4 aut | |
| 996 | |b E78822 |c E*78822 |l EE05 |s P |a 0 |w stu5201_0001 | ||